[Event "Poznan op 24th"]
[Site "Poznan"]
[Date "2016.08.12"]
[Round "5"]
[White "Rucinski, Jedrzej"]
[Black "Zurawski, Kamil"]
[Result "0-1"]
[WhiteElo "1331"]
[BlackElo "1701"]
[PlyCount "64"]
[EventDate "2016.08.08"]
[EventType "swiss"]
[EventRounds "9"]
[EventCountry "POL"]
[SourceTitle "CBM 173 Extra"]
[Source "ChessBase"]
[SourceDate "2016.08.29"]
[SourceVersion "1"]
[SourceVersionDate "2016.08.29"]
[SourceQuality "1"]

1. d4 e6 2. c4 f5 3. Nf3 Nf6 4. Nc3 Be7 5. Bf4 0-0 6. e3 b6 7. Be2 Bb7 8. 0-0 Ne4 9. Nb5 d6 10. Nd2 a6 11. Nxe4 fxe4 12. Nc3 d5 13. Qc2 Bd6 14. Bxd6 Qxd6 15. Rad1 Rf6 16. Rfe1 Nd7 17. Bg4 Raf8 18. Qe2 Rh6 19. Bh3 Rff6 20. Qf1 Rfg6 21. g3 Rg5 22. Ne2 Nf6 23. b3 dxc4 24. bxc4 b5 25. c5 Qe7 26. Rd2 Nd5 27. a3 Rgh5 28. Bg2 Rxh2 29. Bxe4 Qg5 30. Bg2 Nxe3 31. fxe3 Qxe3+ 32. Qf2 Rxg2+ 0-1